01367nam a2200265 a 4500001001000000005001700010008004100027041000800068044000700076084002200083100002400105245010300129260001900232300002700251500004700278500025200325500016000577500004800737506009300785546005200878600004800930650004600978651004301024700003401067BRCA_502220190320204916.0011110s1789----mx-######v---#000-0#spa-# aspa amx aDOC79b.B67c17891 aBorda, Manuel de la10aDocumento expedido por Don Manuel de la BordacManuel de la Borda ; Pedro Alonso de Aller Díaz. aMéxicoc1789 a[29] fojasc31 x 21 cm aDocumento firmado el 26 de agosto de 1789. aPoder otorgado por el Dr. Don Manuel de la Borda, clérigo Presbítero, al señor Pedro Alonso de Aller Díaz, Caballero Profeso de la Orden de Calatrava, Contador Mayor Honorario del Real Tribunal, y Audiencia de Cuentas de la Nueva España. aContiene sello con el escudo de la casa de Borbón y el lema: ´SELLO SEGUNDO. SEIS REALES. AÑOS DE MIL SETECIENTOS OCHENTA Y OCHO. Y OCHENTA Y NUEVE´. aEl documento contiene la leyenda DOC. #239.0 aFondo Reservado. Para su consulta es necesario credencial de usuario y carta de motivos. aTexto en: Español de finales del siglo XVIII.14aBorda, Manuel de lacPresbíteroxHistoria14aDocumentos legalesvManuscritosxHistoria 4aMéxicoxHistoriayColonia, 1521-18211 aAller Díaz, Pedro Alonso de